Państwa najbliżej Azerbejdżanu - 15 sekundowy sprint - Statystyki

Ogólne statystyki
  • Ten quiz został rozwiązany 58 razy
  • Średni wynik to 5 z 20
Statystyki odpowiedzi
km Państwo % Poprawnych
0 Armenia
84%
0 Gruzja
84%
0 Rosja
81%
0 Turcja
56%
0 Iran
37%
211 Irak
21%
221 Kazachstan
19%
329 Syria
19%
952 Ukraina
14%
1 085 Izrael
9%
177 Turkmenistan
9%
466 Uzbekistan
9%
1 149 Afganistan
7%
1 026 Cypr
5%
864 Jordania
5%
976 Kuwejt
5%
936 Liban
5%
1 324 Mołdawia
5%
926 Arabia Saudyjska
2%
1 373 Bułgaria
0%
Nie znaleziono quizów pasujących do podanych kryteriów
Rozkład punktacji
Procent ludzi z każdym wynikiem
Percentyl według liczby udzielonych odpowiedzi
Twoja historia wyników
Nie rozwiązałeś tego quizu